| 000 | 01013cam a22002773a 4500 | ||
|---|---|---|---|
| 001 | 31503 | ||
| 003 | PGUSA | ||
| 005 | 20140828083700.0 | ||
| 008 | 100304s2010||||xxu|||||s|||||000 1 eng d | ||
| 040 |
_aPGUSA _beng |
||
| 042 | _adc | ||
| 050 | 4 | _aPG | |
| 100 | 1 |
_aPersky, Serge, _d1870-1938 |
|
| 245 | 1 | 0 |
_aContemporary Russian Novelists _h[electronic resource] / _cSerge Persky |
| 260 |
_bProject Gutenberg, _c2010 |
||
| 505 | 0 | _aA brief survey of Russian literature -- Anton Tchekoff -- Valdimir Korolenko -- Vikenty Veressayev -- Maxim Gorky -- Leonid Andreyev -- Dmitry Merezhkovsky -- Alexander Kuprin -- Writers in vogue -- Notes. | |
| 506 | _aPublic domain in the USA. | ||
| 516 | _aElectronic text | ||
| 653 | _aNovelists, Russian | ||
| 653 | _aRussian fiction -- History and criticism | ||
| 700 | 1 | _aEisemann, Frederick | |
| 740 | 0 | _aLes maƮtres du roman russe contemporain. English | |
| 830 | 0 |
_aProject Gutenberg _v31503 |
|
| 856 | 4 | 0 | _uhttp://www.gutenberg.org/ebooks/31503 |
| 942 | _cEB | ||
| 999 |
_c260758 _d260758 |
||